| 000 | 01088ata a2200409 4500 | ||
|---|---|---|---|
| 005 | 20250819152000.0 | ||
| 008 | 150518b1994 xxu||||| |||| 00| 0 spa d | ||
| 020 | _a9789508020245 | ||
| 041 | _aESP | ||
| 082 | _a344.046 C319s | ||
| 100 |
_aCarruesco, Nora _921380 |
||
| 245 | _aSugerencias ecológicas para el hogar | ||
| 260 | _aArgentina | ||
| 260 | _bEspacio | ||
| 260 | _c1994 | ||
| 300 | _a81 páginas | ||
| 490 | _aTurismo | ||
| 650 | _aDESARROLLO SOSTENIBLE | ||
| 650 | _aECOLOGÍA | ||
| 650 | _aMANTENIMIENTO Y LIMPIEZA | ||
| 650 | _aCLASIFICACIÓN DE DESECHOS | ||
| 650 | _aAHORRO EN CASA | ||
| 650 | _aRECICLAJE | ||
| 650 | _aMEDIOS DE TRANSPORTE | ||
| 650 | _aREFORESTACIÓN | ||
| 650 | _aRECICLAJE DE PAPEL | ||
| 650 | _aRECICLAJE DE BASURA | ||
| 650 | _aRECICLAJE DE PLÁSTICO | ||
| 650 | _aRECICLAJE DE VESTIMENTA | ||
| 650 | _aHOGARES ECOLÓGICOS | ||
| 650 | _aNATURALEZA | ||
| 650 | _aPRODUCTOS DE LIMPIEZA | ||
| 650 | _aFIBRAS NATURALES | ||
| 650 | _aALIMENTOS NATURALES | ||
| 650 | _aPRODUCTOS ECOLÓGICOS | ||
| 942 |
_cBK _2ddc |
||
| 999 |
_c5626 _d5626 |
||